Statistics for Complete the Capital Cities

Click here to take the quiz!

General Stats

  • This quiz has been taken 1,050 times
  • The average score is 24 of 40

Answer Stats

HintAnswer% Correct
jakarta
80%
sawwar
80%
scusdama
79%
iagosant
78%
toriavic
75%
niusvil
74%
dublin
72%
rutbei
71%
fiaso
71%
prague
68%
sarajevo
67%
vienna
66%
valletta
64%
osianic
64%
gabatash
63%
ridmad
63%
ranteh
62%
mopanbel
61%
tawaot
61%
oronegab
60%
thimphu
59%
donlon
58%
conakry
57%
hanoi
57%
praia
56%
ensath
56%
utomap
56%
bamako
53%
triescas
53%
banemba
50%
eauros
49%
minsk
49%
lusaka
47%
malabo
46%
ankara
45%
yaounde
44%
banjul
42%
gitega
42%
maseru
40%
majuro
39%

Score Distribution

Percentile by Number Answered

Percent of People with Each Score

Your Score History

You have not taken this quiz